00465nam a2200169Ia 4500003000400000008004100004040001600045082001700061100002200078245004200100260004200142300001100184490001600195650002800211650002800239650002800267GCL140319s9999 xx 000 0 ara d aGCL / cGCL04a811.9bع ب1 aعبده بدوى10aباقة نور / cعبده بدوى a[S.N] : bدار القلم ، c1960 a127 ص aكتابv004aالشعر العربى04aالادب العربى04aالعصر الحديث